000 00709nam a2200289Ia 4500
005 20260324134105.0
008 008 260324s9999 xx 000 0 eng d
020 _a9780203994306
037 _aEBOOK
040 _aCRL
040 _beng
040 _cCRL
041 _2eng
041 _aeng
084 _qCRL
100 _aKathryn Ecclestone
_91195536
245 0 _aLearning Autonomy in Post-16 Education
245 4 _bThe Policy and Practice of Formative Assessment
260 _bTaylor and Francis
260 _c2002
365 _a
365 _b255
856 _uhttp://www.taylorfrancis.com/books/9780203994306
942 _cEBOOK
999 _c1795238
_d1795238